[Event "Llinars del Valles op-B 8th"]
[White "Torras Coloma, Pau"]
[Black "Coll Josifov, Richard"]
[Site "Llinars del Valles"]
[Round "7"]
[Result "1-0"]
[Date "2015.05.30"]
[WhiteElo "1814"]
[BlackElo "1896"]
[PlyCount "55"]
[EventDate "2015.04.11"]
[EventType "swiss"]
[EventRounds "9"]
[EventCountry "ESP"]
[SourceTitle "EXT 2016"]
[Source "ChessBase"]
[SourceDate "2015.10.08"]
[SourceVersion "1"]
[SourceVersionDate "2015.10.08"]
[SourceQuality "1"]

1. d4 d5 2. c4 e6 3. Nc3 c5 4. cxd5 exd5 5. Nf3 Nc6 6. g3 Nf6 7. Bg2 cxd4 8. Nxd4 Be7 9. 0-0 0-0 10. Bf4 Bg4 11. Rc1 Qd7 12. Re1 Rac8 13. Qd2 Rfe8 14. e4 dxe4 15. Nxc6 Rxc6 16. Qxd7 Bxd7 17. Nxe4 Rxc1 18. Nxf6+ Bxf6 19. Rxc1 Re2 20. Bxb7 Rxb2 21. Bc8 Bb5 22. Bf5 g6 23. Bh6 Be8 24. Rc8 Re2 25. Bd7 Bd4 26. Bxe8 f5 27. Bb5+ Kf7 28. Bxe2 1-0

[Event "Llinars del Valles op-B 8th"]
[White "Coll Josifov, Richard"]
[Black "Giro Castellet, Esteve"]
[Site "Llinars del Valles"]
[Round "3"]
[Result "1-0"]
[Date "2015.04.25"]
[WhiteElo "1896"]
[BlackElo "1816"]
[PlyCount "59"]
[EventDate "2015.04.11"]
[EventType "swiss"]
[EventRounds "9"]
[EventCountry "ESP"]
[SourceTitle "EXT 2016"]
[Source "ChessBase"]
[SourceDate "2015.10.08"]
[SourceVersion "1"]
[SourceVersionDate "2015.10.08"]
[SourceQuality "1"]

1. e4 c5 2. Nc3 Nc6 3. f4 d6 4. Nf3 Bg4 5. Bb5 Rc8 6. 0-0 a6 7. Bxc6+ Rxc6 8. h3 Bxf3 9. Rxf3 e6 10. f5 e5 11. d3 h6 12. Qe1 Nf6 13. g4 Nh7 14. Nd5 Nf6 15. g5 Nxd5 16. exd5 Rc8 17. gxh6 gxh6 18. f6 Rg8+ 19. Kh2 Rg6 20. Qf2 h5 21. b3 Kd7 22. Bd2 Bh6 23. Bxh6 Rxh6 24. Rg1 Qh8 25. Rg7 Rf8 26. Rfg3 Kd8 27. Qf5 Kc7 28. Qe6 h4 29. R3g4 Rd8 30. Qxf7+ 1-0

[Event "Girona-ch"]
[White "Coll Josifov, Richard"]
[Black "Alabert Vidal, Marc"]
[Site "Blanes"]
[Round "2"]
[Result "0-1"]
[Date "2015.??.??"]
[WhiteElo "1912"]
[BlackElo "2021"]
[PlyCount "84"]
[EventDate "2015.09.27"]
[EventType "swiss"]
[EventRounds "9"]
[EventCountry "ESP"]
[SourceTitle "EXT 2017"]
[Source "ChessBase"]
[SourceDate "2016.10.25"]
[SourceVersion "1"]
[SourceVersionDate "2016.10.25"]
[SourceQuality "1"]

1. e4 c5 2. Nc3 d6 3. f4 Nf6 4. Nf3 g6 5. Bb5+ Nc6 6. d3 Bg7 7. 0-0 0-0 8. Qe1 a6 9. Bxc6 bxc6 10. f5 e6 11. Nh4 exf5 12. exf5 Re8 13. Qg3 Nh5 14. Qh3 Bf6 15. Nf3 Bxf5 16. g4 Be6 17. Qg2 Ng7 18. Ne4 Be7 19. Bh6 c4 20. d4 Bd5 21. Nc3 Be6 22. Ne2 Qc8 23. h3 Rb8 24. b3 cxb3 25. axb3 c5 26. dxc5 Qxc5+ 27. Kh2 Qxc2 28. Nfd4 Qc5 29. Nxe6 Nxe6 30. Qf3 Qe5+ 31. Ng3 f5 32. Rae1 Qf6 33. gxf5 gxf5 34. Nxf5 Bf8 35. Qg4+ Qg6 36. Bxf8 Qxg4 37. Nh6+ Kh8 38. Nxg4 Nxf8 39. Rxe8 Rxe8 40. Rf6 Re2+ 41. Kg3 Ne6 42. Rf8+ Nxf8 0-1

[Event "Girona-ch"]
[White "Coll Josifov, Richard"]
[Black "Mallol Descarrega, Aleix"]
[Site "Blanes"]
[Round "6"]
[Result "1-0"]
[Date "2015.??.??"]
[WhiteElo "1912"]
[BlackElo "1866"]
[PlyCount "47"]
[EventDate "2015.09.27"]
[EventType "swiss"]
[EventRounds "9"]
[EventCountry "ESP"]
[SourceTitle "EXT 2017"]
[Source "ChessBase"]
[SourceDate "2016.10.25"]
[SourceVersion "1"]
[SourceVersionDate "2016.10.25"]
[SourceQuality "1"]

1. e4 e5 2. Nf3 Nc6 3. Nc3 Nf6 4. d4 Bb4 5. d5 Nxe4 6. dxc6 Nxc3 7. bxc3 Bxc3+ 8. Bd2 Bxa1 9. Qxa1 d6 10. Bb5 0-0 11. 0-0 a6 12. Ba4 b5 13. Bb3 Bg4 14. Bd5 Re8 15. Ng5 Re7 16. Qc3 Kf8 17. Nxh7+ Kg8 18. Nf6+ gxf6 19. Qg3 f5 20. f3 Qc8 21. fxg4 fxg4 22. Bh6 e4 23. Qh4 Re6 24. Qg5+ 1-0

[Event "Girona-ch"]
[White "Coll Josifov, Richard"]
[Black "Trias Punset, Carles"]
[Site "Blanes"]
[Round "9"]
[Result "1-0"]
[Date "2015.??.??"]
[WhiteElo "1912"]
[BlackElo "1803"]
[PlyCount "87"]
[EventDate "2015.09.27"]
[EventType "swiss"]
[EventRounds "9"]
[EventCountry "ESP"]
[SourceTitle "EXT 2017"]
[Source "ChessBase"]
[SourceDate "2016.10.25"]
[SourceVersion "1"]
[SourceVersionDate "2016.10.25"]
[SourceQuality "1"]

1. e4 c5 2. Nc3 d6 3. f4 g6 4. Nf3 Bg7 5. Bb5+ Bd7 6. Bxd7+ Nxd7 7. d3 Ngf6 8. 0-0 0-0 9. Qe1 e6 10. Qh4 Nh5 11. Qe1 Nhf6 12. Rb1 a6 13. Bd2 b5 14. b3 b4 15. Ne2 a5 16. a3 Qb6 17. c4 Qd8 18. Ng3 Nb6 19. a4 Nbd7 20. Rd1 Qc7 21. Be3 Ng4 22. Bd2 Rad8 23. h3 Ngf6 24. Be3 Rc8 25. d4 cxd4 26. Nxd4 Nc5 27. Nb5 Qe7 28. Nxd6 Rc6 29. Bxc5 Rxc5 30. e5 Ne8 31. Nge4 Rc6 32. Nxe8 Rxe8 33. Nd6 Rd8 34. Qe4 Qc7 35. Nb5 Qb6+ 36. Kh2 Rxd1 37. Rxd1 Rc8 38. Rd6 Qb8 39. Ra6 Bf8 40. Rxa5 Kg7 41. Nd4 Qc7 42. Rb5 Rd8 43. Nxe6+ fxe6 44. Rb7 1-0

[Event "Llinars del Valles op-B 8th"]
[White "Coll Josifov, Richard"]
[Black "Lobo Bruguera, Xavier"]
[Site "Llinars del Valles"]
[Round "5"]
[Result "1/2-1/2"]
[Date "2014.05.31"]
[WhiteElo "1812"]
[BlackElo "1716"]
[PlyCount "126"]
[EventDate "2014.04.26"]
[EventType "swiss"]
[EventRounds "8"]
[EventCountry "ESP"]
[SourceTitle "EXT 2015"]
[Source "ChessBase"]
[SourceDate "2014.11.20"]
[SourceVersion "1"]
[SourceVersionDate "2014.11.20"]
[SourceQuality "1"]

1. e4 e6 2. d3 d5 3. Nd2 c5 4. Ngf3 Nc6 5. g3 Bd6 6. Bg2 Nge7 7. 0-0 0-0 8. Re1 Qc7 9. h4 d4 10. Kh2 b5 11. Rh1 Bd7 12. Kg1 e5 13. Ng5 f6 14. Ngf3 Bg4 15. Bh3 Qd7 16. Kg2 Rf7 17. Qf1 a5 18. Bxg4 Qxg4 19. Nh2 Qd7 20. Qe2 Raf8 21. g4 Ng6 22. Ndf3 b4 23. h5 Nh8 24. Nh4 Ne7 25. Bd2 Rc8 26. Rag1 Qa4 27. Ra1 Qxc2 28. b3 a4 29. Rhc1 Qb2 30. Rcb1 Qc2 31. N4f3 axb3 32. Ne1 Qxa2 33. Rxa2 bxa2 34. Ra1 Ra8 35. Bc1 b3 36. Bb2 Nc6 37. Nef3 Rb7 38. Nd2 Nf7 39. Qd1 Na5 40. Nc4 Nxc4 41. dxc4 Nd8 42. Nf3 Ne6 43. Kg3 Rb4 44. Nd2 Nf4 45. Qf1 h6 46. Nf3 Raa4 47. Qd1 Ra8 48. Ne1 Ne6 49. Nd3 Rb6 50. f3 Nc7 51. Kf2 Na6 52. Ke2 Nb4 53. Qxb3 Rab8 54. Bc1 Nxd3 55. Qxd3 Ra6 56. Kd1 Rb4 57. Qc2 Rba4 58. Qe2 Kf7 59. Qc2 Be7 60. Qb3 Ra7 61. Qb6 Ra8 62. Qb7 R8a7 63. Qb3 Ra8 1/2-1/2

[Event "Llinars del Valles op-B 8th"]
[White "Coll Josifov, Richard"]
[Black "Cid Salmeron, Jaume"]
[Site "Llinars del Valles"]
[Round "3"]
[Result "1-0"]
[Date "2014.05.10"]
[WhiteElo "1812"]
[BlackElo "1700"]
[PlyCount "51"]
[EventDate "2014.04.26"]
[EventType "swiss"]
[EventRounds "8"]
[EventCountry "ESP"]
[SourceTitle "EXT 2015"]
[Source "ChessBase"]
[SourceDate "2014.11.20"]
[SourceVersion "1"]
[SourceVersionDate "2014.11.20"]
[SourceQuality "1"]

1. e4 e5 2. Nf3 Nc6 3. Nc3 Nf6 4. d4 Nxd4 5. Nxd4 exd4 6. Qxd4 h6 7. e5 c5 8. Qd1 Qe7 9. Qe2 Nh7 10. Nd5 Qd8 11. Bd2 Be7 12. g3 0-0 13. 0-0-0 b6 14. Bg2 Rb8 15. f4 d6 16. Bc3 f6 17. Nxe7+ Qxe7 18. Rxd6 Re8 19. Rhd1 Bf5 20. h4 g5 21. Qh5 Rbd8 22. Bd5+ Kh8 23. exf6 Nxf6 24. Qxh6+ Bh7 25. Bxf6+ Qxf6 26. Qxf6# 1-0

[Event "Llinars del Valles op-B 8th"]
[White "Gonzalez Navarro, Carlos Manuel"]
[Black "Coll Josifov, Richard"]
[Site "Llinars del Valles"]
[Round "2"]
[Result "1-0"]
[Date "2014.05.03"]
[WhiteElo "1700"]
[BlackElo "1812"]
[PlyCount "73"]
[EventDate "2014.04.26"]
[EventType "swiss"]
[EventRounds "8"]
[EventCountry "ESP"]
[SourceTitle "EXT 2015"]
[Source "ChessBase"]
[SourceDate "2014.11.20"]
[SourceVersion "1"]
[SourceVersionDate "2014.11.20"]
[SourceQuality "1"]

1. c4 e5 2. Nc3 Nc6 3. g3 f5 4. e3 Nf6 5. Bg2 e4 6. d3 Bb4 7. Nge2 Ne5 8. dxe4 fxe4 9. 0-0 Nxc4 10. Bxe4 Nxe4 11. Nxe4 d5 12. Nd2 b5 13. Nxc4 bxc4 14. Qa4+ c6 15. Qxb4 Bh3 16. Rd1 Qf6 17. Nf4 Bg4 18. Rd4 Rc8 19. Qa4 0-0 20. Qc2 g5 21. Nxd5 cxd5 22. Rxg4 h5 23. Rd4 Qf3 24. Qg6+ Kh8 25. Qh6+ Kg8 26. Qxg5+ Kh7 27. Rf4 Rxf4 28. exf4 Qd1+ 29. Kg2 Rf8 30. f5 d4 31. Qg6+ Kh8 32. f6 Qg4 33. Bg5 Qd7 34. Bh6 Rg8 35. Bg7+ Rxg7 36. fxg7+ Kg8 37. Re1 1-0

[Event "Catalunya-ch U14"]
[White "Cros Garcia, Marc"]
[Black "Coll Josifov, Richard"]
[Site "Saragosa"]
[Round "6.4"]
[Result "0-1"]
[Date "2014.02.01"]
[WhiteElo "1765"]
[BlackElo "1812"]
[PlyCount "98"]
[EventDate "2014.01.25"]
[EventType "swiss"]
[EventRounds "8"]
[EventCountry "ESP"]
[SourceTitle "EXT 2024"]
[Source "ChessBase"]
[SourceDate "2023.10.10"]
[SourceVersion "1"]
[SourceVersionDate "2023.10.10"]
[SourceQuality "1"]

1. e4 e5 2. Nf3 Nc6 3. d4 exd4 4. Nxd4 Qh4 5. Nc3 Bb4 6. Qd3 Nf6 7. Nf5 Qxe4+ 8. Qe3 Qxe3+ 9. Bxe3 0-0 10. Bd3 d5 11. Rd1 Bxf5 12. Bxf5 Rad8 13. Bd2 Rfe8+ 14. Ne2 Bc5 15. Bd3 Nd4 16. Be3 Nxe2 17. Bxe2 Bxe3 18. fxe3 Rxe3 19. Kf2 Re7 20. Rhe1 c6 21. Kf3 Rde8 22. Rd2 Ne4 23. Rd3 Nc5 24. Rd2 Na4 25. b3 Nc3 26. Kf2 Ne4+ 27. Ke3 Nxd2+ 28. Kxd2 g5 29. Kd1 f5 30. g3 f4 31. gxf4 gxf4 32. Rg1+ Kh8 33. Bh5 Rg8 34. Rf1 Rg5 35. Bf3 Kg7 36. Kd2 Kf6 37. Kd3 Ke5 38. Re1+ Kd6 39. Rxe7 Kxe7 40. Kd4 Kd6 41. c4 c5+ 42. Kd3 dxc4+ 43. Kxc4 b6 44. Kb5 Kc7 45. Ka6 Kb8 46. a3 Re5 47. Bd1 Re3 48. h4 f3 49. Bxf3 Rxf3 0-1